[Event "ROM-ch U08"]
[Site "Calimanesti"]
[Date "2014.04.09"]
[Round "5"]
[White "Craciun, Cristian Gabriel111"]
[Black "Enache, Vlad Alexandru"]
[Result "1-0"]
[WhiteElo "1223"]
[BlackElo "1001"]
[PlyCount "73"]
[EventDate "2014.04.06"]
[EventType "swiss"]
[EventRounds "9"]
[EventCountry "ROU"]
[SourceTitle "CBM 160 Extra"]
[Source "ChessBase"]
[SourceDate "2014.07.01"]
[SourceVersion "1"]
[SourceVersionDate "2014.07.01"]
[SourceQuality "1"]

1. e4 e5 2. Nf3 Nc6 3. Bc4 Bc5 4. c3 Nf6 5. d4 exd4 6. cxd4 Bb4+ 7. Nc3 Nxe4 8. 0-0 Bxc3 9. d5 Bf6 10. Re1 Ne7 11. Rxe4 d6 12. Bg5 Bxg5 13. Nxg5 0-0 14. Qh5 h6 15. Nf3 c6 16. dxc6 d5 17. c7 Qd6 18. Qe5 Qxe5 19. Rxe5 dxc4 20. Rxe7 Be6 21. Nd4 Rfe8 22. Rxe8+ Rxe8 23. Re1 Kf8 24. Nxe6+ fxe6 25. Rxe6 Rc8 26. h3 Rxc7 27. Re3 Kf7 28. Kh2 b5 29. Kg3 Kf6 30. Kf4 g5+ 31. Kg4 Rh7 32. Ra3 h5+ 33. Kg3 b4 34. Ra6+ Kf5 35. Rc6 h4+ 36. Kh2 g4 37. Rxc4 1-0